[Event "Brugse Meesters 2017"]
[Site "Brugge"]
[Date "2017.08.13"]
[Round "1"]
[White "Dgebuadze, Alexandre"]
[Black "Labieze, Steven"]
[Result "1-0"]
[WhiteElo "2515"]
[BlackElo "1800"]
[Annotator "TA"]
[PlyCount "89"]
[EventDate "2017.??.??"]
[EventCountry "BEL"]
[SourceTitle "playchess.com"]
[Source "ChessBase"]
[SourceQuality "1"]

{[%evp 9,89,70,83,79,138,128,132,113,115,75,79,54,112,91,83,87,72,81,139,79,105,69,162,160,172,34,127,112,152,127,338,270,370,246,237,244,328,318,309,304,407,312,303,310,540,544,507,500,868,592,854,585,904,498,491,346,362,368,490,483,524,502,515,499,659,647,743,670,799,782,1035,928,914,865,904,783,885,850,6215,1606,29976,29976]} 1. e4 e5 2. Bc4 d6 3. Nf3 Be7 4. d4 Bg4 (4... exd4 5. Nxd4 Nf6 6. Nc3 O-O 7. O-O c6 8. a4 Nxe4 9. Nxe4 d5 10. Bd3 dxe4 11. Bxe4 Bf6 12. Nf5 Bxf5 13. Bxf5 g6 14. Bg4 Bg7 15. a5 h5 16. Qxd8 Rxd8 {½-½ (43) Preotu,R (2452)-Sambuev,B (2532) Guelph 2015}) 5. dxe5 Nd7 6. exd6 {C41: Philidor Defence} cxd6 (6... Bxd6 $142 7. Be3 Ngf6) 7. Nc3 $146 ({Find the theoretical novelty and annotate with similar games:} 7. Bf4 Nb6 8. Bb5+ Bd7 9. Nc3 Nf6 10. O-O O-O 11. Bd3 Bg4 12. a4 {1-0 (40) Sabuk,J-Bartkowski,L Polanica Zdroj 2006}) 7... Ngf6 8. Be2 {White is clearly better.} O-O 9. Nd4 Bxe2 10. Qxe2 Qb6 (10... d5 $14) 11. Nf5 Rfe8 12. O-O Bf8 13. Qf3 Ne5 (13... g6 $142) 14. Qh3 ({Better is} 14. Qe3) 14... Neg4 15. a4 {[%cal Ba2a4,Ba4a5][%mdl 32]} Re6 (15... d5 $14) 16. a5 $36 {[%mdl 2048] White is in control.} Qc5 {[#]} 17. Ne3 (17. Ra4 $1 $18) 17... Ne5 ({Black should play} 17... Nxe3 $1 $14 18. Bxe3 Qc6) 18. Ra4 $16 Rd8 19. Ned5 Nc4 $2 (19... Nxd5 $16 20. exd5 Ree8) 20. b3 b5 21. axb6 Nxb6 {[%cal Rf6d5]} 22. Be3 ({Not} 22. Rxa7 Nbxd5 23. exd5 Nxd5 $11) 22... Qc6 23. Bxb6 ({Less strong is} 23. Rxa7 Nfxd5 24. exd5 Nxd5 $16) 23... axb6 24. Rc4 {[%cal Ba4c4,Bc4c7,Bc7a7][%mdl 32]} Qb7 25. Nxf6+ Rxf6 26. Nd5 Re6 $2 {[#]} (26... Rh6 {was worth a try.}) 27. Rc7 $18 Qa8 28. Qf5 Rg6 (28... Rde8 $142 29. Qxf7+ Kh8) 29. Qxf7+ Kh8 30. g3 Re8 31. Ra7 Qc6 32. Qd7 Qxd7 33. Rxd7 Kg8 34. f3 b5 35. Ra1 Rc8 36. c3 h6 37. Rb7 h5 38. Kg2 Kh7 39. Rxb5 Rc5 40. Rxc5 dxc5 41. Ra8 Bd6 42. f4 Re6 43. Kf3 Kh6 44. Ra6 h4 45. e5 {Precision: White = 51%, Black = 14%.} 1-0

[Event "Brugse Meesters 2017"]
[Site "Brugge"]
[Date "2017.08.13"]
[Round "1"]
[White "Van Foreest, Lucas"]
[Black "Vanhee, Lars"]
[Result "1-0"]
[WhiteElo "2467"]
[BlackElo "1790"]
[Annotator "TA"]
[PlyCount "91"]
[EventDate "2017.??.??"]
[EventCountry "BEL"]
[SourceTitle "playchess.com"]
[Source "ChessBase"]
[SourceQuality "1"]

{[%evp 20,91,18,12,33,27,34,30,39,25,25,35,75,82,166,47,46,43,34,35,36,35,39,39,107,35,46,35,35,35,35,43,34,8,26,12,61,62,77,37,50,46,35,54,75,12,131,131,175,169,190,184,185,185,284,269,258,183,264,224,334,295,325,295,531,309,341,331,808,335,633,627,1423,1412]} 1. d4 Nf6 2. c4 e6 3. Nc3 Bb4 4. e3 O-O 5. Nge2 d5 6. a3 Be7 7. cxd5 exd5 8. Ng3 c5 9. dxc5 Bxc5 10. b4 {E46: Nimzo-Indian: Rubinstein: 4 e3 0-0 5 Ne2 without early Bd3} Be7 11. Bd3 {LiveBook: 14 Games} Be6 $146 ({Predecessor:} 11... a5 12. b5 Re8 13. O-O Nbd7 14. Bb2 Nc5 15. Nce2 Be6 16. Nf4 Bf8 17. Bc2 {1-0 (42) Gupta,A (2613)-Lalith,B (2553) Al Ain 2015}) 12. Bb2 {White is slightly better.} a5 13. b5 Nbd7 14. Na4 Re8 15. O-O Ng4 16. Nf5 Nge5 {[#]} (16... Nde5 $16) 17. Nxe7+ ({White has to play} 17. Nxg7 $1 $18 {[%mdl 512]} Kxg7 18. f4) 17... Qxe7 $14 18. Bxe5 Nxe5 {[#]} 19. Bxh7+ $1 {[%mdl 512]} Kxh7 20. Qh5+ Kg8 21. Qxe5 Qh4 (21... Rac8 $14) 22. Nb6 (22. Nc5 $16) 22... Rad8 $1 23. Qd4 Qxd4 24. exd4 Rd6 25. Na4 Bd7 26. Rab1 Re4 27. Rfd1 $36 {[%mdl 2048] Black should prevent Nc5. White has good play.} b6 28. Nc3 Re8 29. Rbc1 Rc8 30. f3 Kf8 31. Kf2 f6 32. Ke3 ({White should play} 32. Rd3 $16) 32... Kf7 (32... Be8 $11 {remains equal.}) 33. a4 $16 Rh8 34. h3 Re8+ 35. Kd2 Bf5 36. Re1 Bd7 (36... Rc8 $142) 37. Rxe8 $18 Kxe8 {[%mdl 4096] Endgame KRB-KRN} 38. Nd1 Kd8 (38... g5 {was worth a try.} 39. g4 Be6) 39. Ne3 g6 (39... f5 $142 40. f4 Bc8) 40. g4 Be8 41. h4 {[%cal Bh3h4,Bh4h5,Bh5h6][%mdl 32]} Kd7 $2 (41... Bf7 {was called for.} 42. Kd3 Bg8) 42. Ng2 Kd8 43. Nf4 Kd7 $2 (43... g5) 44. Rh1 (44. h5 $142 {White wants to mate with h6.} gxh5 45. gxh5 Bxh5 46. Nxh5) 44... Ke7 $2 (44... g5 45. hxg5 fxg5) 45. h5 f5 46. h6 {Precision: White = 51%, Black = 24%.} 1-0

[Event "Brugse Meesters 2017"]
[Site "Brugge"]
[Date "2017.08.13"]
[Round "1"]
[White "Geirnaert, Steven"]
[Black "Deblauwe, Pauwel"]
[Result "1-0"]
[WhiteElo "2454"]
[BlackElo "1782"]
[Annotator "TA"]
[PlyCount "35"]
[EventDate "2017.??.??"]
[EventCountry "BEL"]
[SourceTitle "playchess.com"]
[Source "ChessBase"]
[SourceQuality "1"]

{[%evp 14,35,25,24,22,22,33,41,231,217,362,390,389,360,360,326,360,262,257,276,410,379,1207,1164]} 1. e4 c5 2. Nc3 Nc6 3. g3 g6 4. Bg2 Bg7 5. d3 e6 6. Be3 d6 7. Qd2 a6 8. Nge2 {LiveBook: 8 Games} Nge7 {B26: Closed Sicilian: 3 g3, lines with early Be3} (8... Nd4 9. O-O Ne7 10. Rae1 O-O 11. Nd1 Nxe2+ 12. Rxe2 Nc6 13. c3 e5 14. Bh6 f5 15. Bxg7 Kxg7 16. f4 fxe4 17. dxe4 Bg4 {0-1 (49) Sysoev,V (2306)-Meribanov,V (2390) Moscow 2015}) 9. Bh6 O-O 10. h4 {[%cal Bh2h4,Bh4h5][%mdl 32] aiming for h5.} f5 $2 {[#]} (10... Bxh6 $14 11. Qxh6 Kh8) 11. h5 Qe8 (11... Rf7 $142 12. hxg6 hxg6 13. Bxg7 Rxg7) 12. Bxg7 $18 Kxg7 13. hxg6 Qxg6 14. Nf4 Qf7 15. Nh5+ $146 ({Predecessor:} 15. O-O-O Rh8 16. Nh5+ {1-0 (32) Narheim,M (1519)-Alisaari,V (1286) Helsingor 2017}) 15... Kh8 16. O-O-O b5 (16... e5 {might work better.} 17. Qh6 Ng8 18. Qxd6 f4) 17. exf5 Qxf5 $2 {[#]} (17... d5 18. fxe6 Bxe6) 18. Be4 1-0

[Event "Brugse Meesters 2017"]
[Site "Brugge"]
[Date "2017.08.13"]
[Round "1"]
[White "Varga, Zoltan"]
[Black "Kutchoukov, Daniel"]
[Result "1-0"]
[WhiteElo "2434"]
[BlackElo "1772"]
[Annotator "TA"]
[PlyCount "43"]
[EventDate "2017.??.??"]
[EventCountry "BEL"]
[SourceTitle "playchess.com"]
[Source "ChessBase"]
[SourceQuality "1"]

{[%evp 12,43,39,7,12,1,26,0,0,0,0,0,0,0,0,0,0,0,0,-27,0,0,0,-31,325,327,314,321,399,392,585,627,1316,1294]} 1. e4 c6 2. c4 d5 3. cxd5 cxd5 4. exd5 Nf6 5. Bb5+ Nbd7 6. Nc3 g6 7. d4 a6 {B10: Caro-Kann: 2 d3 and 2 c4} (7... Bg7 8. d6 exd6 9. Qe2+ Qe7 10. Bf4 Qxe2+ 11. Ngxe2 O-O 12. Bxd6 Re8 13. O-O a6 14. Ba4 b5 15. Bb3 Bb7 16. a4 Ne4 17. Bf4 b4 18. Nd5 Nd2 19. Bxd2 Rxe2 20. Bxb4 Rxb2 {1-0 (51) Bortnyk,O (2533)-Kulaots,K (2563) Wroclaw 2014}) 8. Be2 (8. Ba4 {looks sharper.} Bg7 9. Bb3 b5 10. Nf3 O-O 11. O-O) 8... Bg7 9. Nf3 O-O {The position is equal.} 10. O-O Nb6 11. Ne5 Nfxd5 12. Bf3 Nxc3 13. bxc3 Bxe5 14. dxe5 Qc7 15. Rb1 $146 ({Predecessor:} 15. Qd4 Rd8 {1-0 (70) Khlopov,S (2129)-Koehler,J (2132) LSS email 2012}) 15... Bf5 (15... Rd8 $5 {[%cal Rd8d1]} 16. Qb3 Nc4 $11) 16. Rb4 {Hoping for Qd4.} a5 17. Rb5 {Black must now prevent Qd4.} Bd7 $2 {[%mdl 8192] [#]} (17... Rfd8 $15 {stays ahead.} 18. Qb3 Be6) 18. Rxb6 $1 $18 {[%mdl 512]} Qxb6 19. Qxd7 e6 20. Be3 Qb2 (20... Qd8 $142 21. Qb5 Qc7) 21. Qe7 {White wants to mate with Qf6.} Rfe8 22. Qf6 {Precision: White = 69%, Black = 43%.} 1-0

[Event "Brugse Meesters 2017"]
[Site "Brugge"]
[Date "2017.08.13"]
[Round "1"]
[White "Lai, Hing Ting"]
[Black "Van Foreest, Machteld"]
[Result "1-0"]
[WhiteElo "2388"]
[BlackElo "1768"]
[Annotator "TA"]
[PlyCount "45"]
[EventDate "2017.??.??"]
[EventCountry "BEL"]
[SourceTitle "playchess.com"]
[Source "ChessBase"]
[SourceQuality "1"]

{[%evp 9,45,32,57,58,52,53,57,40,110,107,137,117,126,121,134,134,191,191,198,200,207,208,208,202,231,167,271,254,339,340,362,349,429,400,533,516,584,584]} 1. c4 e5 2. g3 Nf6 3. Bg2 Nc6 4. Nc3 d6 5. Nf3 Be6 {LiveBook: 14 Games} 6. b3 {A29: English Opening: Four Knights Variation with 4 g3} (6. d3 h6 7. Rb1 Qd7 8. b4 Be7 9. b5 Nd8 10. O-O Bh3 11. e4 Bxg2 12. Kxg2 Nh7 13. Nd5 Ne6 14. Bb2 {0-1 (38) Milanovic,D (2480)-Lajthajm,B (2401) Belgrade 2016}) 6... d5 7. Ng5 $146 ({Find the theoretical novelty and annotate with similar games:} 7. cxd5 Nxd5 8. O-O Be7 9. Nxd5 Bxd5 10. Bb2 Bf6 11. Qb1 Qd7 12. d3 h5 {1-0 (28) Mrkonjic,N (2367)-Bebiak,J (2105) Kaskady 2002}) 7... Bc5 8. O-O {White is slightly better.} O-O (8... Qd7 $14) 9. cxd5 $16 Bxd5 10. Nxd5 Nxd5 11. Qc2 {[%csl Gg5][%cal Rc2h7] [#]} Qxg5 12. Qxc5 Nde7 (12... Nb6 $16 {was necessary.}) 13. d4 $1 $18 {[%cal Bd2d4,Bd4e5][%mdl 32]} Qf6 14. dxe5 Qe6 15. Bb2 Rad8 16. Rfd1 a6 17. e4 b6 (17... Rd7 $142 18. Rxd7 Qxd7) 18. Qc3 Nc8 19. f4 N8a7 20. Rd5 Nb5 21. Qd2 Qe7 22. a4 Nba7 23. Ba3 {Precision: White = 89%, Black = 24%.} 1-0

[Event "Brugse Meesters 2017"]
[Site "Brugge"]
[Date "2017.08.13"]
[Round "1"]
[White "Downey, Keith"]
[Black "Epishin, Vladimir"]
[Result "0-1"]
[WhiteElo "1802"]
[BlackElo "2541"]
[Annotator "TA"]
[PlyCount "50"]
[EventDate "2017.??.??"]
[EventCountry "BEL"]
[SourceTitle "playchess.com"]
[Source "ChessBase"]
[SourceQuality "1"]

{[%evp 14,50,56,51,75,2,71,44,72,0,0,0,0,5,26,23,46,-162,-150,-139,-145,-131,-135,-148,-164,-162,-146,-209,-205,-238,-231,-238,-223,-238,-235,-235,-234,-281,-272]} 1. Nf3 g6 2. c4 Bg7 3. d4 d6 4. Nc3 Bg4 5. e3 Nd7 6. Be2 e5 7. h3 {A41: 1 d4 d6: Tartakower System and Modern Defence} Bxf3 8. Bxf3 {LiveBook: 5 Games} ({Reject} 8. gxf3 exd4 9. exd4 Ne7 $15) 8... Rb8 9. g3 $146 (9. d5 $16) ({Find the theoretical novelty and annotate with similar games:} 9. g4 Ne7 10. d5 Bh6 11. h4 f5 12. g5 Bg7 13. e4 h6 14. Rg1 hxg5 15. hxg5 {½-½ (34) Raznikov,D (2326)-Warakomski,T (2495) Olomouc 2010}) 9... h5 (9... exd4 $11 10. exd4 Ne7) 10. b3 Nh6 {[%cal Bg8h6,Bh6f5,Bf5d4][%mdl 32]} 11. Bg2 (11. dxe5 $16 O-O 12. Bb2) 11... exd4 $1 $11 12. exd4 Nf5 13. Ne2 c5 14. Bb2 cxd4 15. Bxd4 $2 (15. O-O $14 {stays ahead.}) 15... Nxd4 $19 16. Nxd4 {[#]} Qa5+ $1 17. Kf1 {[#]} Qc5 $1 $36 {[%mdl 2048] Keeping White busy.} 18. Nb5 Bxa1 19. Qxa1 O-O 20. Qd1 (20. Bd5 $17 {was necessary.}) 20... Nf6 21. Nc3 {[#]} b5 $1 22. Nd5 (22. Nxb5 d5) 22... Nxd5 23. Bxd5 bxc4 24. Bxc4 Rfd8 25. Bd5 Rb5 {Precision: White = 29%, Black = 69%.} 0-1

[Event "Brugse Meesters 2017"]
[Site "Brugge"]
[Date "2017.08.13"]
[Round "1"]
[White "Mabire, Manuel"]
[Black "Motwani, Paul"]
[Result "0-1"]
[WhiteElo "1793"]
[BlackElo "2470"]
[Annotator "TA"]
[PlyCount "84"]
[EventDate "2017.??.??"]
[EventCountry "BEL"]
[SourceTitle "playchess.com"]
[Source "ChessBase"]
[SourceQuality "1"]

{[%evp 25,84,-54,-40,-99,-75,-149,-141,-144,-60,-60,-62,-62,-62,-57,-58,-59,-49,-64,-59,-141,-68,-141,-139,-136,-136,-142,-141,-133,-130,-130,-127,-129,-116,-132,-119,-302,-318,-581,-536,-569,-556,-1024,-1034,-1412,-1351,-5277,-2303,-2286,-1647,-12837,-12836,-12839,-12839,-12843,-12843,-12844,-12845,-12845,-12845,-29986,0]} 1. e4 e6 2. d4 d5 3. e5 c5 4. c3 Nc6 5. Nf3 Bd7 6. Bd3 cxd4 7. cxd4 Qb6 8. O-O Nxd4 9. Nxd4 Qxd4 10. Nc3 Qxe5 11. Re1 Qb8 12. Nxd5 Bd6 13. Qg4 Kf8 $1 ({Reject} 13... Bxh2+ $6 14. Kh1 $14) 14. Nf4 {C02: French: Advance Variation} ({Better is} 14. Qh3 $15) (14. Bd2 h5 15. Qh3 Bc6 16. Ne3 Nf6 17. Bc3 Rh6 18. Nc4 Bc7 19. Be5 Ng4 20. Bxc7 Qxc7 21. f3 b5 22. fxg4 bxc4 23. Bxc4 hxg4 24. Qa3+ {½-½ (24) Martinez,I (2338)-Gonzalez Garcia,J (2449) Leon 2004}) 14... Nf6 15. Qf3 (15. Qh4 $142) 15... Bc6 $17 16. Qe3 {Black is clearly better.} Bxf4 (16... Qc7 $17 {aiming for ...Rd8.} 17. Bd2 e5) 17. Qxf4 $15 Qxf4 18. Bxf4 Ke7 19. Rac1 $146 ({Predecessor:} 19. Rad1 Rhd8 20. Be5 h6 21. Bc2 Bd5 {0-1 (45) Kamenik,R-Mares,J (2290) Brno 1996}) 19... Rhd8 $36 {[%mdl 2048] Black fights for an advantage.} 20. Bb1 Rac8 21. Be3 b6 22. Red1 ({White should play} 22. f3 $15) 22... Rxd1+ $17 23. Rxd1 Be4 24. Bxe4 Nxe4 {[%mdl 4096] Endgame KRB-KRN} 25. f3 Nf6 26. Kf2 Rc2+ 27. Rd2 Rxd2+ 28. Bxd2 {KB-KN} Nd5 29. g4 Kd6 30. f4 $2 {[#]} (30. Ke2 $17 {might work better.}) 30... Kc5 $19 31. Be3+ $2 (31. f5 exf5 32. gxf5) 31... Nxe3 32. Kxe3 {KP-KP} Kd5 33. Kd3 f6 34. h4 e5 35. fxe5 Kxe5 36. Ke3 g6 {[%cal Bg7g6,Bg6f5][%mdl 32]} 37. b4 f5 38. gxf5 gxf5 39. a3 b5 40. h5 h6 41. Ke2 Ke4 {[#] ( -> ...f4)} 42. Kf2 Ke5 $2 {[%mdl 32768] Precision: White = 19%, Black = 71%. . Sensor Board Error (Ke4/e5)?} (42... f4 {mates} 43. Kg2 f3+ 44. Kg3 Ke3 45. Kg4 f2 46. Kf5 f1=Q+ 47. Kg6 Qg1+ 48. Kf7 Qc1 49. Kg8 Qxa3 50. Kf7 Qxb4 51. Ke6 Qg4+ 52. Kf7 b4 53. Ke8 b3 54. Kf7 b2 55. Ke7 b1=Q 56. Kd6 Qbb4+ 57. Kc6 Qe6+ 58. Kc7 Qbb6#) 0-1

[Event "Brugse Meesters 2017"]
[Site "Brugge"]
[Date "2017.08.13"]
[Round "1"]
[White "Van Malder, Klaus"]
[Black "Czebe, Attila"]
[Result "0-1"]
[WhiteElo "1788"]
[BlackElo "2465"]
[Annotator "TA"]
[PlyCount "68"]
[EventDate "2017.??.??"]
[EventCountry "BEL"]
[SourceTitle "playchess.com"]
[Source "ChessBase"]
[SourceQuality "1"]

{[%evp 9,68,45,45,29,43,21,37,12,44,33,34,34,39,27,88,79,87,62,70,54,32,35,48,51,51,0,-8,-116,-134,-124,-146,-168,-170,-172,-168,-175,-176,-178,-165,-291,-284,-456,-437,-439,-435,-411,-423,-723,-774,-712,-758,-778,-769,-748,-712,-734,-728,-700,-614,-632,-625]} 1. e4 {[%cal Be2e4,Be4d5][%mdl 32]} g6 2. d4 Bg7 3. Nc3 Nc6 4. Be3 d5 5. exd5 Nb4 6. Bc4 {Hoping for a3. B06: Modern Defence} Nf6 7. Qd2 $146 ({Predecessor:} 7. Nf3 Nbxd5 8. Nxd5 Nxd5 9. Bg5 Qd6 10. O-O Be6 11. Bb3 O-O 12. Qd2 c6 13. Rfe1 f6 {0-1 (52) Neelotpal,D (2512)-Popchev,M (2432) Marianske Lazne 2006}) 7... O-O 8. Nf3 {White is slightly better.} Re8 (8... Bf5 $5 {[%cal Rb4c2]} 9. Rc1 Nfxd5 $11) 9. O-O Nbxd5 10. Nxd5 Nxd5 11. Bh6 Bh8 (11... Bg4 $11) 12. Rfe1 c6 13. Bb3 {[%cal Bc4b3,Bb3c2,Bc2d3][%mdl 32]} a5 14. c3 a4 15. Bc2 Nb6 16. Bd3 Ra5 17. Ne5 (17. h3 $14) 17... Bxe5 $11 18. dxe5 {[#]} (18. Rxe5 $11 {was the only way to keep the balance.} Rxe5 19. dxe5) 18... Rd5 $1 $17 {[%cal Rd5d3]} 19. Rad1 Bg4 20. f3 Bf5 21. Bxf5 {aiming for Qc1.} ({Don't go for} 21. Re3 $2 {[#]} Nc4 $1 $19 {[%mdl 512]}) 21... Rxd2 22. Rxd2 Qc7 23. Bd3 Rd8 24. Bf4 {[#]} (24. Kf1 $142) 24... a3 $1 $19 {[%mdl 512]} 25. Red1 $2 (25. bxa3 Nd5 26. Bg3) 25... Na4 26. bxa3 Nxc3 27. Re1 Qa5 28. Bc4 (28. Kf2 $142) 28... Rxd2 29. Bxd2 Qc5+ 30. Kh1 Qxc4 31. Rc1 Qxa2 32. Bxc3 Qxa3 33. Bd2 Kf8 34. h4 Ke8 {Precision: White = 27%, Black = 67%.} 0-1

[Event "Brugse Meesters 2017"]
[Site "Brugge"]
[Date "2017.08.13"]
[Round "1"]
[White "De Vroe, Philip"]
[Black "Beerdsen, Thomas"]
[Result "0-1"]
[WhiteElo "1773"]
[BlackElo "2447"]
[Annotator "TA"]
[PlyCount "40"]
[EventDate "2017.??.??"]
[EventCountry "BEL"]
[SourceTitle "playchess.com"]
[Source "ChessBase"]
[SourceQuality "1"]

{[%evp 18,40,52,57,65,32,23,-9,21,5,23,-12,-16,-33,-24,-50,-18,-67,-47,-22,-17,-14,-8,-7,-20]} 1. e4 e5 2. Nf3 Nc6 3. Bc4 Nf6 4. Ng5 d5 5. exd5 Na5 6. Bb5+ Bd7 7. Qe2 Be7 8. Bxd7+ {C58: Two Knights: 4 Ng5 d5 5 exd5 Na5 sidelines} (8. Nc3 Bxb5 9. Qxb5+ c6 10. dxc6 Nxc6 11. Nf3 O-O 12. d3 Nd4 13. Nxd4 exd4 14. Ne2 Rc8 15. Qb3 Qa5+ 16. Bd2 {½-½ (24) Short,N (2683)-Postny,E (2606) Kishinev 2017}) 8... Qxd7 9. Nc3 O-O 10. O-O {LiveBook: 14 Games. White is slightly better.} ({Reject} 10. Qxe5 Bd6 $15) 10... c6 11. Qxe5 $146 {Threatens to win with d6.} ({Find the theoretical novelty and annotate with similar games:} 11. Nf3 cxd5 12. Nxe5 Qf5 13. d4 Rac8 14. Qd3 Qxd3 15. Nxd3 Bd6 {½-½ (72) Yakovich,Y (2565)-Yandemirov,V (2503) Sochi 2005}) 11... cxd5 12. d4 Nc6 {[%cal Ba5c6,Bc6b4,Bb4c2][%mdl 32]} 13. Qf4 Bd6 14. Qh4 Qf5 15. Be3 Nb4 {[%mdl 1024] Black has compensation.} 16. Nb5 Be7 17. c3 Nc2 18. Rac1 a6 {The position is equal.} 19. Nc7 Rac8 20. Bf4 {And now Qh3 would win.} h6 {[%mdl 32768] Loss on Time!?} 0-1

[Event "Brugse Meesters 2017"]
[Site "Brugge"]
[Date "2017.08.13"]
[Round "1"]
[White "Aardenburg, Piet"]
[Black "Gourlay, Iain"]
[Result "0-1"]
[WhiteElo "1768"]
[BlackElo "2401"]
[Annotator "TA"]
[PlyCount "48"]
[EventDate "2017.??.??"]
[EventCountry "BEL"]
[SourceTitle "playchess.com"]
[Source "ChessBase"]
[SourceQuality "1"]

{[%evp 21,48,-22,-16,-42,-25,-74,-23,-54,-20,-31,-29,-73,-83,-81,-91,-135,-136,-131,-116,-111,-129,-126,-120,-115,-117,-117,-130,-160,-171]} 1. e4 c5 2. c3 Nf6 3. e5 Nd5 4. d4 cxd4 5. Nf3 e6 6. cxd4 d6 7. Nc3 Nxc3 8. bxc3 Qc7 9. Bd2 Nd7 10. exd6 Bxd6 11. Bd3 b6 {LiveBook: 163 Games. B22: Sicilian: 2 c3} 12. Be4 (12. O-O Bb7 13. Re1 O-O 14. h3 Rac8 15. a4 Bf4 16. Be3 Nf6 17. Rc1 Rfd8 18. Qe2 Nd5 19. c4 Nb4 20. Bb1 Bxe3 21. fxe3 Bxf3 22. Qxf3 {0-1 (61) Dgebuadze,A (2515)-Nisipeanu,L (2677) Metz 2013}) 12... Bb7 13. Qe2 Rc8 (13... Bxe4 $17 14. Qxe4 Rc8) 14. O-O O-O 15. Bxb7 Qxb7 16. Rfd1 $146 ({Predecessor:} 16. Ng5 Qd5 17. a4 Nf6 18. Rfe1 Rc4 19. f3 {0-1 (47) Hrzica,R (2148)-Nikolov,S (2407) Portoroz 2004}) 16... Qd5 17. Rac1 Rc4 18. Ne5 Nxe5 19. dxe5 Bxe5 20. Bf4 Qe4 ({Inferior is} 20... Bxf4 21. Rxd5 exd5 22. Rd1 $14) 21. Qxe4 Rxe4 22. Bxe5 Rxe5 23. Rd7 Ra5 24. Rc2 Rc8 {Precision: White = 44%, Black = 62%.} 0-1